Penawar bagi hati

Bibliographic Details
Other Authors: Abdul Aziz Ismail (Editor)
Format: Book
Published: Kuala Lumpur : Dinie Publishers , 1992
Subjects:

MARC

LEADER 00000cam a2200000 7i4500
001 0000007576
005 20201116093000.0
008 021119s1992
090 0 0 |a BP189.5   |b .A295 
100 0 |a Abdul Aziz Ismail ,   |e editor 
245 1 0 |a Penawar bagi hati   |c Abdul Aziz Ismail 
260 2 |a Kuala Lumpur :   |b Dinie Publishers ,   |c 1992 
300 |a 251 p. ;   |c 22 sm. 
650 0 |a Sufism 
999 |a 1000067409   |b Book   |c Close Access   |e Gong Badak Campus 
999 |a 1000073845   |b Book   |c OPEN SHELF (30 DAYS)   |e Gong Badak Campus